| 000 | 00674nam a2200205Ia 4500 | ||
|---|---|---|---|
| 003 | OSt | ||
| 005 | 20240506142016.0 | ||
| 008 | 210210b2000 xxu||||| |||| 00| 0 eng d | ||
| 040 | _cAL | ||
| 041 | _aKannada | ||
| 082 | _aK894.9 MALA | ||
| 100 |
_aMALLAPURA (B V). _dಮಲ್ಲಾಪುರ (ಬಿ ವಿ) _9163297 |
||
| 245 |
_aAlankarashastrakararu ondu samikshe. _bಅಲಂಕಾರಶಾಸ್ತ್ರಕಾರರು :ಒಂದು ಸಮೀಕ್ಷೆ |
||
| 260 |
_aDharavada _bPrasaranga Karnataka Vishvavidyalaya _c2000 |
||
| 300 | _a70 | ||
| 650 |
_aAlankarashastra _9163298 |
||
| 690 |
_aKannada Criticism _9163299 |
||
| 906 | _aSG04244 | ||
| 942 |
_2ddc _cBK |
||
| 999 |
_c114841 _d114841 |
||